000 00386cam a2200169 4500
001 D12133
008 090401t1960 xxu||||| |||| 00| 0 eng d
035 _a(Sirsi) u1344
041 _aeng
100 _aBishop, Margaret S
245 _aSubsurface mapping
260 _aNew York
_bJohn Wiley & Sons
_c1960
350 _a0
520 _aShelf 176
942 _n0
948 _c04/03/1997
999 _c85659
_d85659